000 00840nam0a22002771 4500
001 RU\INFOCOMM_322\NLR\5000181129
005 20260407071247.0
035 _a(NLR Aleph) 009571510
090 _a9132614
_c9132614
100 _a20130215f19501959|||y0rusy50 ca
101 1 _ahun
102 _aRU
105 _ay z |||||
200 1 _aHol ebédelt a veréb
_fRajzolta V. Lebedyeva
_gFord.: Tóth Eszter
210 _a[M.
_d195?]
215 _a12 с.
_cцв. ил.
_d27 см
620 _aМосква
686 _aДл290-700
_2rubbk
700 1 _7ba
_8rus
_aMaršak
_bS. J.
_f1887-1964
_gSamuil Jakovlevič
_3RU\NLR\AUTH\770278106
_92650073
702 1 _aLebedyeva
_bV.
_4440
702 1 _aTóth
_bE.
_gEszter
_4730
801 1 _aRU
_bInfocomm
_c20130215
801 0 _aRU
_bINFOCOMM
_gPSBO
852 _aNLR
_jДл01 Г-8/371
942 _cBOOK
980 _aNB